[Event "DEN-ch Seniors 50+"]
[Site "Logumkloster"]
[Date "2021.06.01"]
[Round "3"]
[White "Rewitz, Poul"]
[Black "Steenstrup, Svend"]
[Result "1-0"]
[WhiteElo "2273"]
[BlackElo "2009"]
[PlyCount "61"]
[EventDate "2021.05.30"]
[EventType "swiss"]
[EventRounds "7"]
[EventCountry "DEN"]
[SourceTitle "CBM 203 Extra"]
[Source "ChessBase"]
[SourceDate "2021.09.30"]
[SourceVersion "1"]
[SourceVersionDate "2021.09.30"]
[SourceQuality "1"]

1. d4 g6 2. Nc3 Nf6 3. Bf4 c5 4. d5 d6 5. Qd2 Qa5 6. e4 Bg7 7. Nge2 b5 8. Ng3 b4 9. Nd1 h5 10. h4 Nbd7 11. Be2 Ba6 12. 0-0 Ng4 13. Re1 c4 14. Bg5 c3 15. bxc3 bxc3 16. Qc1 Nde5 17. Rb1 Nc4 18. Bxc4 Bxc4 19. Rb7 f6 20. Bf4 Ba6 21. Rb3 Rc8 22. Qa3 Rc5 23. Rxc3 g5 24. Bd2 f5 25. Qxa5 Rxa5 26. Nxf5 Be5 27. Rc7 Rc5 28. Rxc5 dxc5 29. f3 gxh4 30. fxg4 hxg4 31. Nf2 1-0

[Event "Hillerod CC-chA"]
[Site "Hillerod"]
[Date "2020.11.10"]
[Round "6"]
[White "Ramkilde, Mikael"]
[Black "Steenstrup, Svend"]
[Result "0-1"]
[WhiteElo "1912"]
[BlackElo "1912"]
[PlyCount "80"]
[EventDate "2020.09.15"]
[EventType "tourn"]
[EventRounds "7"]
[EventCountry "DEN"]
[SourceTitle "EXT 2024"]
[Source "ChessBase"]
[SourceDate "2023.10.10"]
[SourceVersion "1"]
[SourceVersionDate "2023.10.10"]
[SourceQuality "1"]

1. d4 Nf6 2. c4 e5 3. dxe5 Ng4 4. Bf4 Bb4+ 5. Nc3 Bxc3+ 6. bxc3 Nc6 7. Nf3 Qe7 8. e3 Ngxe5 9. Nxe5 Nxe5 10. Qd4 f6 11. Be2 b6 12. Rd1 Bb7 13. 0-0 d6 14. Bg3 h5 15. h3 0-0-0 16. f4 Nc6 17. Qd3 Na5 18. Bf3 Ba6 19. Qf5+ Kb8 20. Rb1 Nb7 21. Rfe1 Bxc4 22. Rb4 d5 23. Rxc4 dxc4 24. Qb5 Qc5 25. Qa6 Nd6 26. Rb1 Rhe8 27. f5 Ne4 28. Rb4 Rd1+ 29. Kh2 Rh1+ 30. Kxh1 Nxg3+ 31. Kh2 Ne4 32. Ra4 Nd6 33. Qxa7+ Kc8 34. Rb4 Rxe3 35. Qa8+ Kd7 36. Qg8 Qe5+ 37. Kg1 Re1+ 38. Kf2 Qe3+ 39. Kg3 Nxf5+ 40. Kh2 Qe5+ 0-1

[Event "Bronshoj SenSommer A"]
[Site "Bronshoj"]
[Date "2020.08.13"]
[Round "2"]
[White "Moller, Arne Vagn"]
[Black "Steenstrup, Svend"]
[Result "0-1"]
[WhiteElo "1903"]
[BlackElo "1912"]
[PlyCount "86"]
[EventDate "2020.08.13"]
[EventType "tourn"]
[EventRounds "7"]
[EventCountry "DEN"]
[SourceTitle "EXT 2024"]
[Source "ChessBase"]
[SourceDate "2023.10.10"]
[SourceVersion "1"]
[SourceVersionDate "2023.10.10"]
[SourceQuality "1"]

1. e4 c5 2. Nf3 Nc6 3. d4 cxd4 4. Nxd4 e5 5. Nb5 a6 6. Nd6+ Bxd6 7. Qxd6 Qe7 8. Qxe7+ Ngxe7 9. c3 d5 10. exd5 Nxd5 11. Be2 Be6 12. 0-0 0-0 13. Na3 Rad8 14. c4 Nd4 15. Bd3 Nb4 16. Be4 f5 17. Bxb7 Nbc2 18. Nxc2 Nxc2 19. Bg5 Rb8 20. Rac1 Nd4 21. Bxa6 Ne2+ 22. Kh1 Nxc1 23. Rxc1 Rxb2 24. a4 Rxf2 25. Kg1 Ra2 26. Bb5 Rc8 27. Be7 Bd5 28. g3 Rg2+ 29. Kf1 Rxh2 30. Bd6 Rh1+ 31. Ke2 Rxc1 32. cxd5 R1c2+ 33. Kd1 e4 34. Bf4 h6 35. Bd7 g5 36. Be6+ Kf8 37. Bd6+ Kg7 38. Bxf5 Rc1+ 39. Kd2 R8c2+ 40. Ke3 Re1+ 41. Kd4 Kf6 42. g4 Rd2+ 43. Kc3 Rxd5 0-1

[Event "Koge Lang Sommer Weekend"]
[Site "Koge"]
[Date "2020.07.23"]
[Round "2"]
[White "Steenstrup, Svend"]
[Black "Knudsen, Martin Mosgaard"]
[Result "1-0"]
[WhiteElo "1903"]
[BlackElo "1681"]
[PlyCount "69"]
[EventDate "2020.07.22"]
[EventType "swiss"]
[EventRounds "7"]
[EventCountry "DEN"]
[SourceTitle "EXT 2021"]
[Source "ChessBase"]
[SourceDate "2020.10.23"]
[SourceVersion "1"]
[SourceVersionDate "2020.10.23"]
[SourceQuality "1"]

1. d4 e6 2. e4 d5 3. e5 c5 4. c3 Nc6 5. Nf3 Bd7 6. Bd3 cxd4 7. cxd4 Qb6 8. 0-0 Nxd4 9. Nbd2 h6 10. Nxd4 Qxd4 11. Nb3 Qa4 12. Qf3 Bb5 13. Bd2 Bxd3 14. Qxd3 Qd7 15. Rac1 Rc8 16. Rxc8+ Qxc8 17. Rc1 Qd7 18. Nd4 Ne7 19. Qc3 a6 20. Qa5 Nc6 21. Nxc6 bxc6 22. Qxa6 c5 23. b4 c4 24. b5 Bc5 25. Qa8+ Qd8 26. Qc6+ Kf8 27. Qxc5+ Kg8 28. b6 Kh7 29. a4 Qb8 30. Qd6 Qb7 31. Qc7 Rb8 32. Qxb7 Rxb7 33. a5 f6 34. Be3 fxe5 35. a6 1-0